000
00327nam a2200145Ia 4500
008
191201s2004 xx 000 0 und d
082
_a
003
_b
BRS
100
_a
BRENSON, Richard
245
0
_a
Operations Research
250
_a
2nd
260
_a
N.Delhi
_b
TMH
_c
2004
300
_a
456
650
_a
B.Tech(CSE)
942
_2
ddc
_c
BK
999
_c
2035
_d
2035